000 00835nas a2200277 4500
001 BR2016000075
003 BR-BrBNA
005 20231205130021.0
007 ta
008 230509b bl.|||p| |||| 00| 00por d
040 _aBR-BrBNA
_bpor
_cBiblioteca Nacional de Agricultura
041 _a(En)
072 _aF01
100 1 _aSchwertner, D.V.
100 1 _aLúcio, A.D.
100 1 _aCargnelutti Filho, A.
245 1 _aUniformity trial size in estimates of plot size in restrict areas
650 _aLACTUCA SATIVA
650 _aALFACE
650 _aCAPSICUM ANNUUM
650 _aPIMENTAO
650 _aPLANEJAMENTO DE PESQUISA
773 0 _tRevista Ciência Agronômica (Brazil)
_xISSN 0045-6888
_g(Jul-Sep 2015), v. 46(3) p. 597-606
_wBR2016000075
909 _a202311
_bLúcia
_c55
_dLúcia Elande
942 _2AGRIS
_n0
_cANA
999 _c247458
_d247458